Metodologičeskije aspekty ocenki inflacii.

Metodika hodnotenia rozsahu a dynamiky inflačných procesov v národnom hospodárstve ZSSR. Príčiny a smery rozvoja inflácie v súčasnom hospodárskom mechanizme (nožnice medzi spotrebnými vlastnosťami a cenou produkcie, zvyšovanie cien, neuspokojený spotrebiteľský dopyt). Problémy indexovania životných...

Descripción completa

Guardado en:
Detalles Bibliográficos
Autor principal: Mar'jasin, M.Š
Formato: Capítulo de libro
Lenguaje:ruso
Materias:
Etiquetas: Agregar Etiqueta
Sin Etiquetas, Sea el primero en etiquetar este registro!

MARC

LEADER 00000naa a2200000 4500
001 r002879
005 20220818104630.6
041 0 |a rus 
044 |a [SU] 
245 1 0 |a Metodologičeskije aspekty ocenki inflacii.  |c M.Š. Mar'jasin 
520 |a Metodika hodnotenia rozsahu a dynamiky inflačných procesov v národnom hospodárstve ZSSR. Príčiny a smery rozvoja inflácie v súčasnom hospodárskom mechanizme (nožnice medzi spotrebnými vlastnosťami a cenou produkcie, zvyšovanie cien, neuspokojený spotrebiteľský dopyt). Problémy indexovania životných nákladov a tempa inflácie. 
610 2 0 |a inflácia 
610 2 0 |a ZSSR 
610 2 0 |a mechanizmus hospodársky 
610 2 0 |a ceny 
610 2 0 |a dopyt 
610 2 0 |a náklady životné 
610 2 0 |a priemysel ľahký 
100 1 |a Mar'jasin, M.Š.